Rozhodnutí Soudního dvora EU s dopadem na finanční sektor
Rozhodnutie súdneho dvora EÚ a jeho dopad na banky a iné finančné inštiúcie. Rozhodnutia sa týkajú napr. pravidiel zodpovednosti a náhrady škody alebo objemu peňazí, ktoré je možné mať v hotovosti. Dôležitú otázku tvorí aj prevod nehnuteľnosti a s tým súvisiacia profesia notára.
Salvato in:
| Natura: | Capitolo di libro |
|---|---|
| Lingua: | ceco |
| Soggetti: | |
| Tags: |
Nessun Tag, puoi essere il primo ad aggiungerne!!
|
MARC
| LEADER | 00000naa a2200000 4500 | ||
|---|---|---|---|
| 001 | 0235944 | ||
| 005 | 20170921095852.5 | ||
| 041 | 0 | |a cze | |
| 044 | |a CZ | ||
| 245 | 1 | 0 | |a Rozhodnutí Soudního dvora EU s dopadem na finanční sektor |
| 520 | |a Rozhodnutie súdneho dvora EÚ a jeho dopad na banky a iné finančné inštiúcie. Rozhodnutia sa týkajú napr. pravidiel zodpovednosti a náhrady škody alebo objemu peňazí, ktoré je možné mať v hotovosti. Dôležitú otázku tvorí aj prevod nehnuteľnosti a s tým súvisiacia profesia notára. | ||
| 610 | 2 | 0 | |a banky |
| 610 | 2 | 0 | |a Súdny dvor Európskej únie |
| 610 | 2 | 0 | |a prevod majetku |
| 610 | 2 | 0 | |a legislatíva |
| 610 | 2 | 0 | |a bankovníctvo |
| 610 | 2 | 0 | |a hotovosť |